| 000 | 01618nam a2200373 a 4500 | ||
|---|---|---|---|
| 001 | 0000337 | ||
| 003 | DO-SdBNP | ||
| 005 | 20180312094744.0 | ||
| 007 | 0000337 | ||
| 008 | 091125s2012 dr a 000 0 spa d | ||
| 020 | _a9789945116595 | ||
| 040 |
_aBPMSU _bspa _cBPMSU |
||
| 092 |
_a 372.832 _b P227c 6to. 2012 |
||
| 100 | 1 | _aParedes, Farah | |
| 245 | 1 | 0 |
_aCívica 6 : _beducación básica / _c Fanny Capellán Almonte, ; dirección editorial Obdulia García de Escobar ; ilustración Ruddy Núñez. |
| 260 |
_aSanto Domingo : _bSantillana, _c2012 |
||
| 300 |
_a2v. : _bil. ; _c28 cm. |
||
| 490 | 1 | _aInnova | |
| 500 | _aEste libro ha sido realizado de conformidad con el currículum vigente y ha sido sometido a la aprobación del MINERD [Ministerio de Educación de República Dominicana] | ||
| 505 | 0 |
_tSistemas de gobierno --
_tEl sistemas democrático -- _tLa constitución nacional -- _tLos poderes del Estado -- _tNación y Estado -- _t El patrimonio nacional -- |
|
| 650 | 4 |
_aCÍVICA _xENSEÑANZA BÁSICA |
|
| 650 | 4 |
_aCÍVICA _xEDUCACIÓN PRIMARIA |
|
| 650 | 4 |
_aEDUCACIÓN PRIMARIA _zREPÚBLICA DOMINICANA |
|
| 650 | 4 |
_aCÍVICA _xLIBROS DE TEXTOS |
|
| 650 | 4 |
_aCÍVICA _xESTUDIOS Y EJERCICIOS |
|
| 700 | 1 | 2 | _aCapellán Almonte, Fanny |
| 700 | 1 | 2 |
_aGarcía Escobar, Obdulia de, _eed. |
| 700 | 1 |
_aNúñez, Ruddy _eil. |
|
| 830 | 0 | _aInnova | |
| 910 | _a Validado. Control de calidad MFF | ||
| 942 |
_2ddc _cBK |
||
| 945 | _aRemanejada para la BNPHU 2018 / BT | ||
| 956 |
_aVMATEO _b10 _220160512 _3BPMSU _60069 |
||
| 999 |
_c10114 _d10114 |
||